000 00421nam a2200145Ia 4500
008 151021s9999 xx 000 0 und d
020 _a9966970258
050 _aH62.M8 2008
245 _a_Social Science Research Theory and principles
260 _aNairobi Applied Reserarch and training 2008
300 _aix,350p.
500 _aincludes index
650 _a_Social science
980 _a^d20101206 02:48:17^okorir
999 _c5416
_d5416